Statystyki dla Najrzadziej odgadywane powiaty według województwa

Kliknij tutaj aby rozwiązać quiz!

Ogólne statystyki

  • Ten quiz został rozwiązany 99 razy
  • Średni wynik to 6 z 16

Statystyki odpowiedzi

%WojewództwoPowiat% Poprawnych
14%lubuskiestrzelecko-drezdenecki
60%
15%kujawsko-pomorskiewąbrzeski | radziejowski
47%
18%małopolskieproszowicki
45%
15%podkarpackiestrzyżowski
44%
17%wielkopolskieczarnkowsko-trzcianecki
43%
16%podlaskiekolneński
43%
16%dolnośląskiewołowski | górowski
41%
17%śląskiebieruńsko-lędziński
40%
16%łódzkiepoddębicki
40%
18%świętokrzyskiestaszowski
36%
22%pomorskiesztumski
35%
15%zachodniopomorskiechoszczeński
33%
19%opolskiekrapkowicki
33%
17%lubelskieparczewski
31%
17%mazowieckiezwoleński
29%
20%warmińsko-mazurskieszczycieński
19%

Rozkład punktacji

Percentyl według liczby udzielonych odpowiedzi

Procent ludzi z każdym wynikiem

Twoja historia wyników

Nie rozwiązałeś tego quizu